| 000 | 00603nam a2200217 a 4500 | ||
|---|---|---|---|
| 001 | 75340 | ||
| 003 | BD-RjUL | ||
| 005 | 20211209082656.0 | ||
| 008 | 190313b1988 ii ||||| b||| 00| 0 eng d | ||
| 035 | _a(BD-RjUL) 75558 | ||
| 040 |
_aBD-RjUL _beng _cBD-RjUL |
||
| 041 | _aeng | ||
| 082 |
_223 _a340.114 _bSAC 1988 |
||
| 100 | 1 |
_aSahoo, Dibakar _9164551 |
|
| 245 | 1 | 4 |
_aThe concept of justice : a critical study / _cDibakar Sahoo |
| 260 |
_aDelhi : _bAtlantic Publishers, _c1988 |
||
| 300 |
_a142 pages ; _c22 cm |
||
| 504 | _aIncludes Bibliography | ||
| 650 |
_aJustice. _9229360 |
||
| 942 |
_2ddc _cBK |
||
| 999 |
_c75340 _d75340 |
||